00453nam a22001577a 4500003000400000005001700004008004100021020001500062040000900077082001500086100002200101245005800123260004200181300001400223500005800237OSt20210412130134.0210412b ||||| |||| 00| 0 eng d a8172047010 coclc a297bQAR/I aQaradawi, Yusuful aIslamum Daridrya Nirmarjanavum/ cDr. Yusuful Qardawi aKozhikode: bIslamic Publishing House a139 pages aOriginal: Mushkilathul Faqri Wa Kaifa 'alajahal Islam